Ingeniería de aguas residuales: tratamiento, vertido y reutilización

Saved in:
Bibliografiske detaljer
Main Authors: Tchobanoglous, George (Author), Burton, Franklin L (Author)
Format: Bog
Sprog:spansk
Udgivet: Madrid McGraw Hill 1995
Fag:
Tags: Tilføj Tag
Ingen Tags, Vær først til at tagge denne postø!

MARC

LEADER 00000cam a2200000 a 4500
001 UCP8483
003 CL-VaPUC
008 000303e19950000SP |||||||||||||||||spa|d
082 0 4 |a 628.1  |b TCH  |2 21 
100 0 |a Tchobanoglous, George  |e author  |9 438469 
700 0 |a Burton, Franklin L  |e author  |9 438470 
245 1 0 |a Ingeniería de aguas residuales: tratamiento, vertido y reutilización 
300 |a 1485 p 
942 |c BK 
945 |d 20000303 00:00:00  |a vberengu 
260 |a Madrid  |b McGraw Hill  |c 1995 
650 0 |a Agua  |9 257149 
650 0 |a Aguas residuales   |9 262614 
650 7 |a EVACUACION Y MANIPULACION DE LAS AGUAS  |2 CL-VaPUC  |9 360383 
650 0 |a Ingeniería ambiental  |9 328689 
650 7 |a INGENIERIA SANITARIA  |2 CL-VaPUC  |9 262866 
650 7 |a PROCESOS DE INGENIERIA QUIMICA  |2 CL-VaPUC  |9 338578 
650 7 |a TRATAMIENTO DE LAS AGUAS RESIDUALES  |2 CL-VaPUC  |9 438471 
583 |a last modification  |c 20180312 12:10:24  |k Rodrigo Vera 
999 |c 285379  |d 285377 
952 |0 0  |1 0  |4 0  |6 628_100000000000000_TCH_1995  |7 0  |8 A  |9 329936  |a BIBING  |b BIBING  |d 2019-11-20  |i 3588459  |o 628.1 TCH 1995  |p 3588459  |r 2025-01-20  |w 2019-11-20  |y BK  |k CCL 
952 |0 0  |1 0  |3 erd  |4 0  |6 628_100000000000000_TCH_1995  |7 0  |8 A  |9 329938  |a BIBING  |b BIBING  |h v.1  |i 5343771  |l 5  |m 5  |o 628.1 TCH 1995  |p 5343771  |r 2025-01-20  |s 2023-08-30  |w 2019-11-20  |y BK  |z Catalogado en:20160930  |k CIC 
952 |0 0  |1 0  |3 erd  |4 0  |6 628_100000000000000_TCH_1995  |7 0  |8 A  |9 329939  |a BIBING  |b BIBING  |h v.2  |i 534378K  |l 3  |m 3  |o 628.1 TCH 1995  |p 534378K  |r 2025-01-20  |s 2023-03-21  |w 2019-11-20  |y BK  |z Catalogado en:20160930  |k CIC